| 000 | 00896cam a2200277 4500 | ||
|---|---|---|---|
| 001 | ABS63537 | ||
| 008 | 000000n2001 000 0 eng u | ||
| 035 | _a(Sirsi) u111113 | ||
| 100 | _aRichards, M. | ||
| 245 | _aIf you think it's bad here... | ||
| 260 | _c2001 | ||
| 490 |
_aBuilding _v266(8168) 9 February 2001, 24-26(3) |
||
| 520 | _aCompares Britain's site death record with the rest of Europe. Considers some of the reasons why death rates are almost three times higher in Europe. Map and graph illustrate the death toll across Europe in 1996. | ||
| 590 | _aABS | ||
| 650 | _aSITE SAFETY | ||
| 650 | _aDEATHS | ||
| 650 | _aCONSTRUCTION INDUSTRY | ||
| 650 | _aUNITED KINGDOM | ||
| 650 | _aEUROPE | ||
| 650 | _aCONSTRUCTION SITES | ||
| 650 | _aACCIDENTS | ||
| 650 | _aCOMPARISON | ||
| 650 | _aSTATISTICS | ||
| 690 | _aBUILT ENVIRONMENT-BUILDING STANDARDS | ||
| 942 | _n0 | ||
| 999 |
_c66201 _d66201 |
||